| 000 | 01238nam a2200337Ia 4500 | ||
|---|---|---|---|
| 001 | ebr10743897 | ||
| 003 | CaPaEBR | ||
| 006 | m o u | ||
| 007 | cr cn||||||||| | ||
| 008 | 091026s2013 njua s 001 0 eng d | ||
| 020 | _z9781118607961 | ||
| 020 | _z9781118657188 | ||
| 040 |
_aCaPaEBR _cCaPaEBR |
||
| 035 | _a(OCoLC)859156005 | ||
| 050 | 1 | 4 |
_aQA76.73.S67 _bT39 2013eb |
| 082 | 0 | 4 |
_a005.756 _223 |
| 100 | 1 | _aTaylor, Allen G. | |
| 245 | 1 | 0 |
_aSQL for dummies _h[electronic resource] / _cby Allen G. Taylor. |
| 250 | _a8th ed. | ||
| 260 |
_aHoboken, NJ : _bWiley ; _aChichester : _bJohn Wiley [distributor], _c2013. |
||
| 300 |
_axiv, 460 p. : _bill. |
||
| 490 | 0 | _a--For dummies | |
| 500 | _aIncludes index. | ||
| 533 |
_aElectronic reproduction. _bPalo Alto, Calif. : _cebrary, _d2013. _nAvailable via World Wide Web. _nAccess may be limited to ebrary affiliated libraries. |
||
| 650 | 0 | _aSQL (Computer program language) | |
| 650 | 0 | _aComputer programming. | |
| 650 | 0 | _aRelational databases (Computer program) | |
| 655 | 7 |
_aElectronic books. _2local |
|
| 710 | 2 | _aebrary, Inc. | |
| 856 | 4 | 0 |
_uhttp://site.ebrary.com/lib/rucke/Doc?id=10743897 _zAn electronic book accessible through the World Wide Web; click to view |
| 999 |
_c13989 _d13989 |
||